Verso español y verso europeo : introduccion a la teoria del verso español en el contexto europeo /

Guardado en:
Autor Principal: Belic, Oldrich
Formato: Libro
Publicado: Santafe De Bogota : Instituto Caro Y Cuervo, 2000
Materias:
Etiquetas: Agregar Etiqueta
Sin Etiquetas, Sea el primero en etiquetar este registro!
LEADER 00604nam a22001815a 4500
001 EHU.bham024381
003 AR-BHAM
005 20130507143426.0
008 130507s2000##################000#0#####d
082 8 0 |a 808.1 
100 1 |a Belic, Oldrich 
245 1 0 |a Verso español y verso europeo :  |b introduccion a la teoria del verso español en el contexto europeo /  |c Oldrich Belic 
260 |a Santafe De Bogota :  |b Instituto Caro Y Cuervo,  |c 2000 
300 |a 675 p. 
653 |a Poesia - composicion 
653 |a Verso 
653 |a Teoria literaria 
859 |a AR-BHAM  |b BIB. HUMANIDADES - General  |h 808.1  |i B412  |p 184.02  |t Ej.1